| 000 | 01144cam a2200313 4500 | ||
|---|---|---|---|
| 001 | ABS63454 | ||
| 008 | 000000n2001 000 0 eng u | ||
| 035 | _a(Sirsi) u110702 | ||
| 100 | _aFairclough, N. | ||
| 245 | _aTrust and confidence (1) | ||
| 260 | _c2001 | ||
| 490 |
_aSolicitors' Journal _v145(2) 19 January 2001, 42-43(2) |
||
| 520 | _aThe first half of a two part article on the mutually implied term of trust and confidence in employment contracts. Considers the duties and responsibilities of the employee and employer to maintain trust and confidence with regard to the concept of 'working out' or constructive dismissal, references and the recovery of damages for psychiatric illness. Includes references to relevant case law. | ||
| 590 | _aABS | ||
| 650 | _aCASE LAW | ||
| 650 | _aCONFIDENCE | ||
| 650 | _aCONSTRUCTIVE DISMISSAL | ||
| 650 | _aCONTRACTS OF EMPLOYMENT | ||
| 650 | _aDUTIES | ||
| 650 | _aEMPLOYEES | ||
| 650 | _aEMPLOYERS | ||
| 650 | _aEMPLOYMENT | ||
| 650 | _aEMPLOYMENT LAW | ||
| 650 | _aMENTAL HEALTH | ||
| 650 | _aREFERENCES | ||
| 650 | _aTRUST | ||
| 690 | _aMANAGEMENT | ||
| 942 | _n0 | ||
| 999 |
_c65974 _d65974 |
||